000
00313nam a2200145Ia 4500
100
_a
Banerjee/Bhabatosh
650
_a
Economics
942
_c
BK
654
_a
Accounting
245
_a
Cost Accounting
260
_b
World Press Pvt.Ltd
_a
Calcutta
_c
1974
082
_a
657.4
300
_a
788
546
_a
ENGLISH
999
_c
27215
_d
27215